000
00418nam a2200157Ia 4500
008
100122s9999 xx 000 0 und d
082
_b
30254
_a
823
100
_a
बोरके बा भ
245
_a
मेघदूत
250
_a
0
260
_b
श्रीविद्या प्रकाशन
_c
1905
300
_a
60
630
_a
मेघदूत
730
_a
मेघदूत
942
_c
BOOK
999
_c
415207
_d
415204